000 01430nam a2200397 c 4500
001 51716
003 ES-MaCES
005 20210219141132.0
008 210218s2020 sp d 000 | spa d
017 _aM 5061-2020
_bDL
020 _a9788412099232
040 _aES-MaCES
_bspa
_cES-MaCES
041 1 _aspa
_heng
100 1 _939882
_aHirschman, Albert O.
245 1 3 _aLa retórica reaccionaria
_b: perversidad, futilidad y riesgo
_cAlbert O. Hirschman ; trad. de Teresita de Vedia ; estudio introductorio de Joaquín Estefanía ; ep. de Santiago Gerchunoff
250 _a1ª ed
260 _aMadrid
_bClave intelectual
_c2020
300 _a283 p.
_c22 cm
500 _aTraducción de: The rhetoric of reaction, perversity, futility, jeopardy
541 _cCompra
650 4 _aderechos civiles
_930100
650 4 _aigualdad de oportunidades
_927183
650 4 _aEstado-Benefactor
_929481
650 4 _ademocracia
_927175
650 4 _aparticipación política
_927242
650 4 _aoposición política
_927241
650 4 _aproblema político
_927244
650 4 _aciencia política
_927232
653 1 0 _aCiencias Sociales-Políticas
700 1 _939865
_aVedia, Teresita de
_etr.
700 1 _911468
_aEstefanía, Joaquín
_epr.
700 1 _939883
_aGerchunoff, Santiago
_eep.
740 4 2 _aThe rhetoric of reaction, perversity, futility, jeopardy
902 _aLIB Libro
942 _2CES
_cBK
_h7.0.
999 _c51716
_d51716